000 00498 a2200169 4500
020 _a0071189475
040 _aDLC
_bDLC
082 _a512.5
100 _aLipschutz, Seymour.
245 _aSchaum' s outline of theory and problems of linear algebra
_cLipschutz, Seyman
260 _aNew York :
_bMcGraw-Hill,
_cc2001.
300 _aviii, 424 p. ; .
_c27 cm
500 _ancludes Index
650 _aAlgebras, Linear--Outlines, syllabi, etc.
700 _aLipson, Marc
942 _cBK
_k512.5 LIP
_2ddc
999 _c8946
_d8946